Acteurs et actrices des années 1990 par images #1 - Statistiques

Statistiques générales
  • Ce quiz a été pris 304 fois
  • Le résultat moyen est 12 sur 20
Statistiques - réponses
Par images Réponse % Correct
Jean Reno
97%
Tom Cruise
97%
Tom Hanks
93%
Julia Roberts
87%
Alain Chabat
86%
Bruce Willis
84%
Jim Carrey
74%
Samuel L. Jackson
72%
Josiane Balasko
60%
Fabrice Luchini
59%
Michael Douglas
49%
Uma Thurman
49%
Demi Moore
48%
Juliette Binoche
43%
Jean-Pierre Darroussin
40%
Michelle Pfeiffer
38%
Emma Thompson
32%
Michelle Yeoh
32%
Judi Dench
24%
Geena Davis
16%
Aucun quiz correspondant
Distribution des résultats
% des personnes avec chaque résultat
Percentile par nombre de réponses
Votre historique - résultats
Vous n’avez pas pris ce quiz